Complex variables and applications (Record no. 7806)

000 -LEADER
fixed length control field 00528nam a2200193 4500
001 - CONTROL NUMBER
control field 7806
003 - CONTROL NUMBER IDENTIFIER
control field BD-DhUET
008 - FIXED-LENGTH DATA ELEMENTS--GENERAL INFORMATION
fixed length control field 141213b/xxu||||| |||| 00| 0 eng d
040 ## - CATALOGING SOURCE
Original cataloging agency DLC
Language of cataloging DLC
Transcribing agency BD-DhUET
082 ## - DEWEY DECIMAL CLASSIFICATION NUMBER
Edition number 1st ed.
Classification number 517.8
Item number CHU/1974
100 ## - MAIN ENTRY--PERSONAL NAME
Personal name Churchill , Ruel V.
245 ## - TITLE STATEMENT
Title Complex variables and applications
Statement of responsibility, etc. by Ruel V. Churchill
250 ## - EDITION STATEMENT
Edition statement 1st ed.
260 ## - PUBLICATION, DISTRIBUTION, ETC. (IMPRINT)
Place of publication, distribution, etc. Newyork
Name of publisher, distributor, etc. McGraw Hill
Date of publication, distribution, etc. 1974
300 ## - PHYSICAL DESCRIPTION
Extent IX, 293 p .
Other physical details col. ill.
504 ## - BIBLIOGRAPHY, ETC. NOTE
Bibliography, etc includes bibliographies
650 #0 - SUBJECT ADDED ENTRY--TOPICAL TERM
Topical term or geographic name as entry element Math complex variable
942 ## - ADDED ENTRY ELEMENTS (KOHA)
Koha item type General Book
Holdings
Price effective from Koha item type Source of classification or shelving scheme Koha date last borrowed Koha full call number Location (home branch) Damaged status Koha normalized classification for sorting Date acquired Shelving location Withdrawn status Piece designation (barcode) Sublocation or collection (holding branch) Not for loan Koha issues (times borrowed) Lost status Copy number Koha date last seen
2014-12-13General Book  517.8/CHU/1974Central Library, BUET 517_800000000000000_CHU_19742014-12-13Circulation section 52888Central Library, BUET   12014-12-13
2014-12-13General Book  517.8/CHU/1974Central Library, BUET 517_800000000000000_CHU_19742014-12-13Circulation section 52890Central Library, BUET   22014-12-13
2014-12-13General Book 2016-07-13517.8/CHU/1974Central Library, BUET 517_800000000000000_CHU_19742014-12-13Circulation section 67791Central Library, BUET 1 32016-12-20
2014-12-13General Book 2024-09-01517.8/CHU/1974Central Library, BUET 517_800000000000000_CHU_19742014-12-13Circulation section 52886Central Library, BUET 2 42024-09-15
2014-12-13General Book  517.8/CHU/1974Central Library, BUET 517_800000000000000_CHU_19742014-12-13Circulation section 7363Central Library, BUET   52014-12-13